US Military Aircraft by Picture - Statistics

General Stats
  • This quiz has been taken 211 times
  • The average score is 11 of 16
Answer Stats
Picture Answer % Correct
F-15 Eagle
97%
F-16 Fighting Falcon
97%
F-22 Raptor
96%
F-35 Lightning II
95%
F-14 Tomcat
88%
F/A-18 Hornet
87%
C-130 Hercules
86%
F-4 Phantom II
82%
F-5 Tiger II
68%
MQ-9 Reaper
61%
C-17 Globemaster III
55%
A-4 Skyhawk
43%
F-8 Crusader
39%
P-8 Poseidon
28%
RQ-4 Global Hawk
26%
EA-6 Prowler
20%
No matching quizzes found
Score Distribution
Percent of People with Each Score
Percentile by Number Answered
Your Score History
You have not taken this quiz